000
00196nam a2200073Ia 4500
008
170617s9999 xx 000 0 und d
100
_a
Sharma-G.C
245
0
_a
Practical Pharmaceutical Chemistry(II)&Viva
260
_b
Mumbai-Source
999
_c
14975
_d
14975